Agronomy and the economy of cardamom : the queen of spices (Record no. 191723)

MARC details
000 -LEADER
fixed length control field 00463nam a2200157Ia 4500
005 - DATE AND TIME OF LATEST TRANSACTION
control field 20250405111514.0
008 - FIXED-LENGTH DATA ELEMENTS--GENERAL INFORMATION
fixed length control field 231217s9999 xx 000 0 und d
020 ## - INTERNATIONAL STANDARD BOOK NUMBER
International Standard Book Number 9788131419861
082 ## - DEWEY DECIMAL CLASSIFICATION NUMBER
Classification number 641.3383 NAI;1 R
100 ## - MAIN ENTRY--PERSONAL NAME
Personal name Nair,Prabhakaran K P
245 #0 - TITLE STATEMENT
Title Agronomy and the economy of cardamom : the queen of spices
260 ## - PUBLICATION, DISTRIBUTION, ETC. (IMPRINT)
Date of publication, distribution, etc. 2008
Name of publisher, distributor, etc. ICFAI Press
Place of publication, distribution, etc. Hyderabad
300 ## - PHYSICAL DESCRIPTION
Extent iv+412
650 ## - SUBJECT ADDED ENTRY--TOPICAL TERM
Topical term or geographic name as entry element agronomy,economy,cardamom,;the,queen,spices
942 ## - ADDED ENTRY ELEMENTS (KOHA)
Koha item type Books
Holdings
Date last seen Total Checkouts Full call number Accession number Old discount Cost, replacement price Price effective from Category Public note Lost status Damaged status Department Withdrawn status bill no. bill date Permanent Location Current Location Shelving location Entry date Vendor Cost, normal purchase price Grants Currency symbol Conversion rate Discount Discount type
26/01/2024   641.3383 NAI;1 R 72912   38.00 26/01/2024 Books 72912     Central Library   1993 05/01/2016 Central Library Central Library Central Library 28/02/2011 ICFAI Press 38.00 MBA RS 1   Rupees

© For any Suggestions or Query, please contact the library staff @ librarian@pes.edu or Phone: +9180 2672 1983/ 2108.